Normal view
MARC view
- NS MUHAMMAD FAISAL ZAFAR PC ABDULLAH BIN NISAR NS MAHAM PARVEZ PC ZOHA NASEEM
Entry Personal Name
001 - CONTROL NUMBER
- control field: 124281
003 - CONTROL NUMBER IDENTIFIER
- control field: NUST
005 - DATE AND TIME OF LATEST TRANSACTION
- control field: 20240709161240.0
008 - FIXED-LENGTH DATA ELEMENTS
- fixed length control field: 240709|| aca||aabn | a|a d
040 ## - CATALOGING SOURCE
- Original cataloging agency: NUST
- Transcribing agency: NUST
100 ## - HEADING--PERSONAL NAME
- Personal name: NS MUHAMMAD FAISAL ZAFAR PC ABDULLAH BIN NISAR NS MAHAM PARVEZ PC ZOHA NASEEM
670 ## - SOURCE DATA FOUND
- Source citation: Work cat.: (NUST): NS MUHAMMAD FAISAL ZAFAR PC ABDULLAH BIN NISAR NS MAHAM PARVEZ PC ZOHA NASEEM, PR-SOF-2366-Scan Chain Based Side Channel Attack On Aes, 2024.
